| 000 | 00491nam a2200157 u 4500 | ||
|---|---|---|---|
| 001 | 000020294 | ||
| 005 | 20200929170342.0 | ||
| 008 | 100813s1962 mx a 000 0 spa d | ||
| 040 |
_aDO-SdBNP _bspa _cBNPHU |
||
| 082 |
_axxxxxxxx _bxxxxxxxx |
||
| 100 | 1 |
_aLugones, Leopoldo _942929 |
|
| 245 | 1 | 0 |
_aObras en prosa. / _cLeopoldo Lugones. |
| 260 |
_aMadrid : _bAguilar, _c1962. |
||
| 300 |
_a1349 p. : _bil. ; _c14 cm. |
||
| 500 | _aIncluye referencias bibliográficas y notas al pie de las páginas | ||
| 999 |
_c19798 _d19798 |
||